| 000 | 00790nam a2200217 u 4500 | ||
|---|---|---|---|
| 005 | 20240210063624.0 | ||
| 008 | 090324s1992 r 000 0 eng d | ||
| 020 | _a8480045477 | ||
| 035 | _aUPN01000170065 | ||
| 049 | _aCG | ||
| 050 | 4 |
_aLB2805 _bM8.3 |
|
| 100 | 1 | _aMurgatroyd, Stephen | |
| 245 | 1 | 3 |
_aLa gestión de la calidad total en el centro docente / _cStephen Murgatroyd, Colin Morgan. |
| 260 |
_aMadrid : _bCentro de Estudios Ramón Areces : _bOpen University Press, _c1992. |
||
| 300 |
_a231 p. : _bil. |
||
| 534 |
_pTraducción de: _tTotal quality management and the school |
||
| 650 | 4 |
_aESCUELAS - _xDIRECCION Y ORGANIZACION - _zESTADOS UNIDOS _912157 |
|
| 650 | 4 |
_aAdministración de calidad total en educación _94711 |
|
| 700 | 1 |
_aMorgan, Colin, _ecoaut. |
|
| 905 | _aLibro | ||
| 999 |
_c142171 _d142171 |
||